[Event "Titled Tuesday intern op 23rd Apr Late"]
[Site "Chess.com INT"]
[Date "2024.04.23"]
[Round "11"]
[White "Yan, Rui Yang"]
[Black "Dahlgren, James Allen"]
[Result "1-0"]
[WhiteElo "2209"]
[BlackElo "1868"]
[PlyCount "61"]
[EventDate "2024.04.23"]
[EventType "swiss (blitz)"]
[EventRounds "11"]
[EventCountry "USA"]
[SourceTitle "CB18_2024"]
[SourceDate "2024.05.01"]
[SourceVersion "1"]
[SourceVersionDate "2024.05.01"]
[SourceQuality "2"]

1. e4 e6 2. d4 c5 3. Nf3 cxd4 4. Nxd4 Nf6 5. Nc3 Nc6 6. Nxc6 bxc6 7. e5 Nd5 8. Ne4 Ba6 9. c4 Qb6 10. cxd5 exd5 11. Bxa6 dxe4 12. Be2 Bc5 13. 0-0 0-0 14. Qxd7 Rad8 15. Qf5 Rfe8 16. Qxe4 Rd4 17. Qc2 Rxe5 18. Be3 Rdd5 19. Bf3 Rd8 20. Bxc5 Rxc5 21. Qe2 g6 22. Rfd1 Rb8 23. b3 Qc7 24. Rac1 Rxc1 25. Rxc1 c5 26. g3 Rc8 27. Qc4 Qd6 28. Qd5 Qe7 29. b4 Rd8 30. Qxc5 Qxc5 31. bxc5 1-0

[Event "USA-ch (Women)"]
[Site "Saint Louis"]
[Date "2023.10.12"]
[Round "7"]
[White "Yu, Jennifer R"]
[Black "Yan, Rui Yang"]
[Result "1/2-1/2"]
[WhiteElo "2294"]
[BlackElo "2206"]
[PlyCount "119"]
[EventDate "2023.10.05"]
[EventType "tourn"]
[EventRounds "11"]
[EventCountry "USA"]
[EventCategory "3"]
[SourceTitle "EXT 2024"]
[Source "ChessBase"]
[SourceDate "2023.10.10"]
[SourceVersion "1"]
[SourceVersionDate "2023.10.10"]
[SourceQuality "1"]

1. d4 Nf6 2. c4 e6 3. Nf3 d5 4. g3 Be7 5. Bg2 0-0 6. 0-0 c6 7. Qc2 b6 8. Nbd2 Bb7 9. b3 Na6 10. Bb2 c5 11. Rad1 cxd4 12. Bxd4 Nc5 13. cxd5 Qxd5 14. b4 Nce4 15. Nxe4 Qxe4 16. Qb2 Qc6 17. b5 Qc7 18. Be5 Qc5 19. Rc1 Qb4 20. Rc7 Bd5 21. Qxb4 Bxb4 22. Bxf6 gxf6 23. Nd4 Bxg2 24. Kxg2 a6 25. a4 axb5 26. axb5 Bd6 27. Rd7 Rfd8 28. Rxd8+ Rxd8 29. Nc6 Ra8 30. Rd1 Bc5 31. Rd7 Kf8 32. Na7 Ke8 33. Rb7 Kf8 34. Kf3 Rd8 35. e3 Kg7 36. Ke2 Ra8 37. h4 Rd8 38. Rc7 Bb4 39. Nc6 Rd2+ 40. Kf1 Bc5 41. Ke1 Rd5 42. Rb7 Rd3 43. Ke2 Rb3 44. Nd8 Kg6 45. Rxf7 h5 46. Rd7 e5 47. Ne6 Rxb5 48. Kf3 Rb2 49. Rb7 Ra2 50. Nxc5 bxc5 51. Rc7 Rc2 52. e4 Rc3+ 53. Ke2 Rc2+ 54. Ke3 Rc3+ 55. Kd2 Rf3 56. Ke2 Rc3 57. Kd2 Rf3 58. Ke2 Rc3 59. Kd2 Rf3 60. Ke2 1/2-1/2

[Event "USA-ch (Women)"]
[Site "Saint Louis"]
[Date "2023.10.07"]
[Round "3"]
[White "Yan, Rui Yang"]
[Black "Paikidze, Nazi"]
[Result "1/2-1/2"]
[WhiteElo "2206"]
[BlackElo "2316"]
[PlyCount "67"]
[EventDate "2023.10.05"]
[EventType "tourn"]
[EventRounds "11"]
[EventCountry "USA"]
[EventCategory "3"]
[SourceTitle "EXT 2024"]
[Source "ChessBase"]
[SourceDate "2023.10.10"]
[SourceVersion "1"]
[SourceVersionDate "2023.10.10"]
[SourceQuality "1"]

1. e4 c6 2. Nf3 d5 3. Nc3 dxe4 4. Nxe4 Nf6 5. Qe2 Nxe4 6. Qxe4 Qa5 7. Bc4 Bf5 8. Qe2 e6 9. 0-0 Be7 10. d4 Qc7 11. Ne5 Nd7 12. Bf4 Nxe5 13. Bxe5 Bd6 14. Bxd6 Qxd6 15. c3 h6 16. Rad1 0-0 17. Bd3 Bxd3 18. Rxd3 Rad8 19. Rg3 Qf4 20. Qe3 Qxe3 21. Rxe3 Rd5 22. Rfe1 Rfd8 23. Re5 Kf8 24. f4 b6 25. Kf2 Ke7 26. Rxd5 Rxd5 27. Re5 g6 28. Rxd5 exd5 29. Kf3 f5 30. g3 Kf6 31. Ke3 Ke6 32. Kf3 Kf6 33. Ke3 Ke6 34. Kf3 1/2-1/2

[Event "USA-ch U20 Girls"]
[Site "Saint Louis"]
[Date "2023.07.21"]
[Round "6"]
[White "Yan, Rui Yang"]
[Black "Yip, Carissa"]
[Result "1-0"]
[WhiteElo "2206"]
[BlackElo "2369"]
[PlyCount "83"]
[EventDate "2023.07.15"]
[EventType "tourn"]
[EventRounds "9"]
[EventCountry "USA"]
[SourceTitle "CBM 215 Extra"]
[Source "ChessBase"]
[SourceDate "2023.09.30"]
[SourceVersion "1"]
[SourceVersionDate "2023.09.30"]
[SourceQuality "1"]

1. e4 e5 2. Nf3 Nc6 3. Bc4 Bc5 4. 0-0 Nf6 5. d3 d6 6. c3 a6 7. Re1 Ba7 8. Bb3 0-0 9. h3 h6 10. Nbd2 Nh5 11. Nf1 Nf4 12. Bxf4 exf4 13. d4 Ne7 14. e5 d5 15. Bc2 Be6 16. b4 Qd7 17. Nh4 Rae8 18. Nh2 c6 19. Ng4 Bxg4 20. hxg4 Nc8 21. Qf3 Nb6 22. Qxf4 f6 23. Ng6 fxe5 24. Nxf8 Rxf8 25. Qxe5 Qxg4 26. Qe6+ Qxe6 27. Rxe6 Nc8 28. Rae1 Bb8 29. Re8 g5 30. g3 Nd6 31. Rxf8+ Kxf8 32. Re6 Nb5 33. Rxh6 Bc7 34. Rh7 Bd6 35. Rxb7 Nxc3 36. a4 Na2 37. b5 axb5 38. a5 Nb4 39. Bg6 Be7 40. Ra7 c5 41. a6 Nc6 42. Rc7 1-0

[Event "USA-ch U20 Girls"]
[Site "Saint Louis"]
[Date "2023.07.19"]
[Round "5"]
[White "Liu, Kelsey"]
[Black "Yan, Rui Yang"]
[Result "0-1"]
[WhiteElo "1997"]
[BlackElo "2206"]
[PlyCount "70"]
[EventDate "2023.07.15"]
[EventType "tourn"]
[EventRounds "9"]
[EventCountry "USA"]
[SourceTitle "CBM 215 Extra"]
[Source "ChessBase"]
[SourceDate "2023.09.30"]
[SourceVersion "1"]
[SourceVersionDate "2023.09.30"]
[SourceQuality "1"]

1. e4 c5 2. Nf3 d6 3. d4 cxd4 4. Nxd4 Nf6 5. Nc3 a6 6. Bg5 Nbd7 7. Bc4 Qb6 8. Bb3 e6 9. a4 Qa5 10. Qd2 Be7 11. f4 h6 12. Bxf6 Bxf6 13. 0-0-0 Nc5 14. Kb1 Bd7 15. Nde2 0-0-0 16. h4 Qb4 17. Rh3 Bc6 18. Re3 Bxh4 19. Nd4 Bd7 20. Qe2 Bf6 21. Na2 Qb6 22. Rc3 Kb8 23. Rc4 Rc8 24. Rb4 Qa5 25. e5 dxe5 26. fxe5 Bg5 27. Qf3 Rhf8 28. Bc4 Rc7 29. Nb3 Nxb3 30. Qxb3 Be7 31. Rd6 Qxe5 32. Bxa6 Qxd6 33. Bxb7 Qd1+ 34. Nc1 Bxb4 35. Qxb4 Qxc2+ 0-1

[Event "Las Vegas National op"]
[Site "Las Vegas"]
[Date "2023.06.16"]
[Round "4"]
[White "Chasin, Nico Werner"]
[Black "Yan, Rui Yang"]
[Result "1-0"]
[WhiteElo "2459"]
[BlackElo "2230"]
[PlyCount "95"]
[EventDate "2023.06.14"]
[EventType "swiss"]
[EventRounds "9"]
[EventCountry "USA"]
[SourceTitle "CBM 214 Extra"]
[Source "ChessBase"]
[SourceDate "2023.07.31"]
[SourceVersion "1"]
[SourceVersionDate "2023.07.31"]
[SourceQuality "1"]

1. d4 Nf6 2. c4 e6 3. Nf3 d5 4. Nc3 a6 5. e3 Be7 6. Qc2 0-0 7. a3 Nbd7 8. g4 dxc4 9. g5 Ne8 10. Bxc4 g6 11. b4 Ng7 12. e4 a5 13. Rb1 c6 14. Be3 Bd6 15. e5 Be7 16. Ne4 Nb6 17. Bd3 axb4 18. axb4 Nd5 19. Bd2 Nf5 20. h4 h5 21. gxh6 Kh8 22. h5 Rg8 23. Neg5 Rf8 24. Nxf7+ Rxf7 25. hxg6 Rh7 26. gxh7 Qf8 27. Be4 Ra3 28. Qb2 Ra4 29. Rg1 Kxh7 30. Qb3 b5 31. Kf1 Bxb4 32. Bxd5 Bxd2 33. Bxc6 Bxh6 34. Rg2 Ra3 35. Qc2 b4 36. Be4 Ba6+ 37. Kg1 Rc3 38. Qa4 Bd3 39. Bxd3 Rxd3 40. Qc6 b3 41. Ne1 Rxd4 42. Rxb3 Rd1 43. Qe4 Kh8 44. Rh3 Kh7 45. Kh2 Rd4 46. Qb7+ Ng7 47. Nf3 Rd1 48. Qe4+ 1-0

[Event "Los Angeles 1000GM Inv 02"]
[Site "Los Angeles"]
[Date "2023.02.26"]
[Round "9"]
[White "Yan, Rui Yang"]
[Black "Ghazaryan, Raffi"]
[Result "1/2-1/2"]
[WhiteElo "2219"]
[BlackElo "2134"]
[PlyCount "76"]
[EventDate "2023.02.22"]
[EventType "tourn"]
[EventRounds "9"]
[EventCountry "USA"]
[SourceTitle "CBM 213 Extra"]
[Source "ChessBase"]
[SourceDate "2023.05.31"]
[SourceVersion "1"]
[SourceVersionDate "2023.05.31"]
[SourceQuality "1"]

1. e4 c5 2. Nf3 d6 3. d4 cxd4 4. Nxd4 Nf6 5. Nc3 a6 6. Bd3 e5 7. Nde2 Be7 8. 0-0 b5 9. Ng3 0-0 10. f4 b4 11. Nd5 Nxd5 12. exd5 g6 13. fxe5 dxe5 14. Bh6 Qxd5 15. Bxf8 Bxf8 16. Be4 Qc5+ 17. Kh1 Ra7 18. Bd5 Kg7 19. Ne4 Qb5 20. c4 Qa5 21. Nf6 Re7 22. Qf3 Bf5 23. Nh5+ Kh8 24. Ng3 e4 25. Qd1 e3 26. Nxf5 gxf5 27. Qd3 Nd7 28. Rae1 Bh6 29. Rxf5 b3 30. Rff1 bxa2 31. Qe2 Bg7 32. Ra1 Qd2 33. Bf3 Qxb2 34. Rxa2 Qxe2 35. Bxe2 Nc5 36. g3 Bc3 37. Rf5 Rc7 38. Ra3 Bd2 1/2-1/2

[Event "Los Angeles 1000GM Inv 02"]
[Site "Los Angeles"]
[Date "2023.02.25"]
[Round "7"]
[White "Yan, Rui Yang"]
[Black "Gasparyan, Davit"]
[Result "1-0"]
[WhiteElo "2219"]
[BlackElo "2126"]
[PlyCount "91"]
[EventDate "2023.02.22"]
[EventType "tourn"]
[EventRounds "9"]
[EventCountry "USA"]
[SourceTitle "CBM 213 Extra"]
[Source "ChessBase"]
[SourceDate "2023.05.31"]
[SourceVersion "1"]
[SourceVersionDate "2023.05.31"]
[SourceQuality "1"]

1. e4 c5 2. Nf3 Nc6 3. d4 cxd4 4. Nxd4 g6 5. c4 Bg7 6. Be3 Nf6 7. Nc3 d6 8. Be2 0-0 9. 0-0 Bd7 10. Nc2 Rc8 11. Rc1 Ne5 12. b3 b5 13. Nxb5 Nxe4 14. f4 Nc6 15. Bf3 Nf6 16. h3 a6 17. Nc3 Na5 18. Qd2 Bc6 19. Nd5 Nxd5 20. cxd5 Bb5 21. Rfd1 Nb7 22. Nd4 Nc5 23. Nc6 Qd7 24. Qc2 Rc7 25. Bxc5 dxc5 26. Qxc5 Bxc6 27. dxc6 Qe6 28. Qb6 Rfc8 29. Bg4 f5 30. Bf3 Kh8 31. Kh1 Bf6 32. Rc2 g5 33. Re2 Qg8 34. fxg5 Qxg5 35. Re6 Qf4 36. Qc5 Rb8 37. Be2 Rg8 38. Rf1 Qg3 39. Qd5 f4 40. Bf3 Rcc8 41. Qc4 Rgd8 42. c7 Rd7 43. Rc6 e5 44. Rxf6 Rdxc7 45. Qe6 Rc1 46. Rf8+ 1-0

[Event "North American op 32nd"]
[Site "Las Vegas"]
[Date "2022.12.29"]
[Round "7"]
[White "Yan, Rui Yang"]
[Black "Reiss, Aiden"]
[Result "1/2-1/2"]
[WhiteElo "2267"]
[BlackElo "2004"]
[PlyCount "68"]
[EventDate "2022.12.26"]
[EventType "swiss"]
[EventRounds "9"]
[EventCountry "USA"]
[SourceTitle "CBM 211 Extra"]
[Source "ChessBase"]
[SourceDate "2023.01.31"]
[SourceVersion "1"]
[SourceVersionDate "2023.01.31"]
[SourceQuality "1"]

1. e4 c5 2. Nf3 e6 3. d4 cxd4 4. Nxd4 Nf6 5. Nc3 Nc6 6. Nxc6 bxc6 7. e5 Nd5 8. Ne4 Qc7 9. f4 Rb8 10. c3 Qb6 11. Bd3 Be7 12. Qe2 f5 13. Nf2 Bc5 14. 0-0 0-0 15. Bd2 a5 16. Rab1 Bb7 17. Kh1 Kh8 18. b3 Be3 19. Nd1 Bxd2 20. Qxd2 c5 21. Nb2 Qc6 22. Rf2 Qc7 23. Nc4 Bc6 24. Nd6 Qd8 25. Be2 Qh4 26. Kg1 h6 27. c4 Ne7 28. g3 Qh3 29. Qxa5 g5 30. Bf1 Qh5 31. Be2 Qh3 32. Bf1 Qh5 33. Be2 Qh3 34. Bf1 Qh5 1/2-1/2

[Event "USA-ch (Women)"]
[Site "Saint Louis"]
[Date "2022.10.15"]
[Round "10"]
[White "Foisor, Sabina Francesca"]
[Black "Yan, Rui Yang"]
[Result "1/2-1/2"]
[WhiteElo "2203"]
[BlackElo "2220"]
[PlyCount "161"]
[EventDate "2022.10.05"]
[EventType "tourn"]
[EventRounds "13"]
[EventCountry "USA"]
[EventCategory "2"]
[SourceTitle "CBM 210 Extra"]
[Source "ChessBase"]
[SourceDate "2022.11.30"]
[SourceVersion "1"]
[SourceVersionDate "2022.11.30"]
[SourceQuality "1"]

1. d4 Nf6 2. Nf3 e6 3. e3 d5 4. Bd3 c5 5. b3 Nc6 6. 0-0 Bd6 7. Bb2 0-0 8. a3 b6 9. Nbd2 Bb7 10. Ne5 Ne7 11. f4 Ne4 12. Qe2 Rc8 13. dxc5 Bxc5 14. b4 Bd6 15. Nb3 Nf5 16. Nd4 Nxd4 17. Bxd4 f6 18. Nf3 Qc7 19. Bb2 a5 20. Nd4 Qd7 21. Rf3 axb4 22. axb4 Bxb4 23. Bb5 Qf7 24. f5 exf5 25. Nxf5 Kh8 26. Rh3 Rc7 27. Rf1 Bc8 28. Bd3 Bc3 29. Bxc3 Rxc3 30. Rh4 Bxf5 31. Rxf5 g6 32. Rxd5 Qxd5 33. Bxe4 Qg5 34. Rh3 f5 35. Qd2 Qf6 36. Bd3 Ra3 37. Qb4 Ra1+ 38. Kf2 Ra5 39. Rf3 Rc5 40. g4 Qd6 41. Qb2+ Kg8 42. gxf5 Qxh2+ 43. Kf1 Qh1+ 44. Ke2 Qg2+ 45. Rf2 Qc6 46. Qa2+ Kg7 47. Qa1+ Qf6 48. Qa7+ Rf7 49. Qb8 Rfc7 50. Kf1 g5 51. e4 Re7 52. Kg2 Rce5 53. Rf1 Rxe4 54. Bxe4 Rxe4 55. Qb7+ Re7 56. Qf3 Rc7 57. Qd3 Qc6+ 58. Kg1 Rd7 59. f6+ Kf8 60. Qg3 Qc5+ 61. Rf2 Rd1+ 62. Kh2 Qd6 63. Qxd6+ Rxd6 64. f7 Rc6 65. Kg1 h5 66. Rf5 Rxc2 67. Rxg5 Rc5 68. Rg6 b5 69. Rf6 b4 70. Rb6 Rc4 71. Rb7 Rf4 72. Kg2 h4 73. Kh2 Kg7 74. Kg2 Rc4 75. Kh2 Rf4 76. Kg2 b3 77. Rxb3 Kxf7 78. Rf3 h3+ 79. Rxh3 Rf6 80. Rf3 Rxf3 81. Kxf3 1/2-1/2

[Event "USA-ch (Women)"]
[Site "Saint Louis"]
[Date "2022.10.06"]
[Round "2"]
[White "Yu, Jennifer R"]
[Black "Yan, Rui Yang"]
[Result "1-0"]
[WhiteElo "2297"]
[BlackElo "2220"]
[PlyCount "91"]
[EventDate "2022.10.05"]
[EventType "tourn"]
[EventRounds "13"]
[EventCountry "USA"]
[EventCategory "2"]
[SourceTitle "CBM 210 Extra"]
[Source "ChessBase"]
[SourceDate "2022.11.30"]
[SourceVersion "1"]
[SourceVersionDate "2022.11.30"]
[SourceQuality "1"]

1. Nf3 Nf6 2. c4 e6 3. Nc3 d5 4. e3 c5 5. cxd5 exd5 6. d4 Nc6 7. Be2 cxd4 8. Nxd4 Bc5 9. Bf3 Ne5 10. 0-0 0-0 11. h3 Re8 12. Nb3 Nxf3+ 13. Qxf3 Bb6 14. Rd1 Be6 15. Nd4 Rc8 16. Nde2 Ne4 17. Nf4 Nxc3 18. bxc3 Qf6 19. Bb2 Rc4 20. Qh5 Rc5 21. Nxd5 Bxd5 22. Rxd5 g6 23. Qd1 Rxd5 24. Qxd5 Rd8 25. Qb5 Rd2 26. Rf1 Qc6 27. Qb3 Qf6 28. Bc1 Rd3 29. Qb5 Rd8 30. c4 Rc8 31. Bb2 Qe6 32. Rc1 Rd8 33. c5 Rd5 34. Qb4 Bc7 35. Qxb7 Qd7 36. Qa8+ Qd8 37. Qxd8+ Rxd8 38. Bd4 Rb8 39. g3 h5 40. Kg2 Rb5 41. g4 hxg4 42. hxg4 Kf8 43. Bf6 Ke8 44. c6 Rb6 45. g5 Ra6 46. Rc4 1-0

[Event "Wch U16 Girls"]
[Site "Mamaia"]
[Date "2022.09.13"]
[Round "8"]
[White "Melenchuk, Olga"]
[Black "Yan, Rui Yang"]
[Result "0-1"]
[WhiteElo "1749"]
[BlackElo "2232"]
[PlyCount "106"]
[EventDate "2022.09.06"]
[EventType "swiss"]
[EventRounds "11"]
[EventCountry "ROU"]
[SourceTitle "CBM 210 Extra"]
[Source "ChessBase"]
[SourceDate "2022.11.30"]
[SourceVersion "1"]
[SourceVersionDate "2022.11.30"]
[SourceQuality "1"]

1. c4 e6 2. Nc3 d5 3. d4 Nf6 4. Bg5 Be7 5. e3 c6 6. cxd5 exd5 7. Bd3 Be6 8. Nf3 Nbd7 9. 0-0 Bd6 10. Bf4 Qc7 11. Qd2 0-0 12. Rac1 a6 13. h3 h6 14. Nh4 Rfe8 15. Bxd6 Qxd6 16. f4 Ne4 17. Nxe4 dxe4 18. Bxe4 Bxa2 19. Bc2 Bd5 20. Nf5 Qe6 21. Rce1 Nf6 22. Ng3 Be4 23. Nxe4 Nxe4 24. Bxe4 Qxe4 25. f5 Rad8 26. Rf4 Qd5 27. Qf2 f6 28. Rc1 Re7 29. Rg4 Rde8 30. Rc3 Qb5 31. Kh2 a5 32. Rc5 Qb3 33. Rc3 Qb5 34. Rc5 Qd3 35. Rc3 Qb1 36. Rf4 Qa2 37. Qd2 Qd5 38. Rf3 Rd8 39. Kh1 c5 40. Rd3 c4 41. Ra3 b6 42. Qc3 Ra8 43. Ra4 Rc7 44. e4 Qc6 45. b3 b5 46. Rxa5 Rxa5 47. Qxa5 c3 48. d5 Qc5 49. d6 c2 50. Rf1 c1Q 51. Rxc1 Qxc1+ 52. Kh2 Qf4+ 53. Kg1 Rc1+ 0-1

[Event "Wch U16 Girls"]
[Site "Mamaia"]
[Date "2022.09.07"]
[Round "2"]
[White "Yan, Rui Yang"]
[Black "Nguyen, Hong Nhung"]
[Result "1-0"]
[WhiteElo "2232"]
[BlackElo "1850"]
[PlyCount "107"]
[EventDate "2022.09.06"]
[EventType "swiss"]
[EventRounds "11"]
[EventCountry "ROU"]
[SourceTitle "CBM 210 Extra"]
[Source "ChessBase"]
[SourceDate "2022.11.30"]
[SourceVersion "1"]
[SourceVersionDate "2022.11.30"]
[SourceQuality "1"]

1. e4 c5 2. Nf3 e6 3. d4 cxd4 4. Nxd4 Nc6 5. Nc3 Qc7 6. Qd3 Ne5 7. Qg3 a6 8. Bf4 d6 9. 0-0-0 Ng6 10. Be3 h5 11. f3 h4 12. Qf2 Nf6 13. Bd3 Be7 14. g4 Ne5 15. g5 Nfd7 16. Be2 b5 17. f4 b4 18. Na4 Nc4 19. Bxc4 Qxc4 20. b3 Qc7 21. g6 Nf6 22. gxf7+ Kxf7 23. Rhg1 Bd7 24. f5 e5 25. Ne6 Bxe6 26. fxe6+ Kg8 27. Qg2 Rh7 28. Nb6 Rb8 29. Nc4 Qc8 30. Nxd6 Qxe6 31. Nf5 Bf8 32. Qg6 Kh8 33. Bg5 Rc8 34. Bxf6 gxf6 35. Rg4 Qf7 36. Qxf7 Rxf7 37. Rxh4+ Rh7 38. Rxh7+ Kxh7 39. Rd3 Kg6 40. Rg3+ Kh5 41. Rg8 Rb8 42. Kd2 Bd6 43. Rxb8 Bxb8 44. c3 bxc3+ 45. Kxc3 Kg4 46. h4 Ba7 47. b4 Bf2 48. Kc4 Bxh4 49. Nxh4 Kxh4 50. a4 f5 51. exf5 Kg5 52. b5 axb5+ 53. axb5 e4 54. b6 1-0

[Event "US op Haring 122nd"]
[Site "Rancho Mirage"]
[Date "2022.08.02"]
[Round "6"]
[White "Yan, Rui Yang"]
[Black "Tang, Zoey"]
[Result "1/2-1/2"]
[WhiteElo "2201"]
[BlackElo "2047"]
[PlyCount "55"]
[EventDate "2022.07.30"]
[EventType "swiss"]
[EventRounds "6"]
[EventCountry "USA"]
[SourceTitle "CBM 209 Extra"]
[Source "ChessBase"]
[SourceDate "2022.09.30"]
[SourceVersion "1"]
[SourceVersionDate "2022.09.30"]
[SourceQuality "1"]

1. e4 c5 2. Nf3 d6 3. d4 cxd4 4. Nxd4 Nf6 5. Nc3 Nc6 6. Bg5 e6 7. Qd2 Be7 8. 0-0-0 0-0 9. h4 Nxd4 10. Qxd4 Bd7 11. Kb1 Bc6 12. Qe3 Qc7 13. Bd3 a6 14. f3 b5 15. g4 b4 16. Ne2 Bb5 17. Nd4 Rfc8 18. h5 Bxd3 19. cxd3 Qb6 20. Nf5 Qxe3 21. Nxe7+ Kf8 22. Ng6+ hxg6 23. Bxe3 gxh5 24. gxh5 Ke7 25. Rdg1 Rg8 26. Bg5 e5 27. f4 exf4 28. Bxf4 1/2-1/2

[Event "US op Haring 122nd"]
[Site "Rancho Mirage"]
[Date "2022.07.30"]
[Round "1"]
[White "Lodh, Anjali"]
[Black "Yan, Rui Yang"]
[Result "0-1"]
[WhiteElo "1471"]
[BlackElo "2201"]
[PlyCount "72"]
[EventDate "2022.07.30"]
[EventType "swiss"]
[EventRounds "6"]
[EventCountry "USA"]
[SourceTitle "CBM 209 Extra"]
[Source "ChessBase"]
[SourceDate "2022.09.30"]
[SourceVersion "1"]
[SourceVersionDate "2022.09.30"]
[SourceQuality "1"]

1. e4 c5 2. d4 cxd4 3. c3 Nf6 4. Bd3 dxc3 5. Nxc3 Nc6 6. Nf3 d6 7. 0-0 e6 8. Re1 Be7 9. Be3 0-0 10. Qe2 a6 11. Rad1 Bd7 12. Na4 b5 13. Nb6 Rb8 14. Nxd7 Nxd7 15. a3 Qc7 16. b4 Nce5 17. Rc1 Qb7 18. Nd4 Nxd3 19. Qxd3 Ne5 20. Qd1 Rfc8 21. Qb3 Nc4 22. Rcd1 Bf6 23. Bc1 Rd8 24. Nf3 Rbc8 25. Bg5 Bxg5 26. Nxg5 d5 27. exd5 Rxd5 28. Rxd5 Qxd5 29. Ne4 Rd8 30. Qg3 Qxe4 31. Qc3 Qd4 32. Qf3 Qd2 33. Rf1 h6 34. h3 Qd3 35. Qc6 Qd6 36. Qf3 Nd2 0-1

[Event "Hollywood Classic-B 2nd"]
[Site "Los Angeles"]
[Date "2022.07.27"]
[Round "6"]
[White "Yan, Rui Yang"]
[Black "Gedajlovic, Max"]
[Result "0-1"]
[WhiteElo "2248"]
[BlackElo "2325"]
[PlyCount "84"]
[EventDate "2022.07.25"]
[EventType "tourn"]
[EventRounds "9"]
[EventCountry "USA"]
[EventCategory "2"]
[SourceTitle "EXT 2024"]
[Source "ChessBase"]
[SourceDate "2023.10.10"]
[SourceVersion "1"]
[SourceVersionDate "2023.10.10"]
[SourceQuality "1"]

1. e4 e5 2. Nf3 Nc6 3. Bb5 a6 4. Ba4 g6 5. d4 b5 6. Bb3 exd4 7. Nxd4 Na5 8. c3 Bg7 9. Bc2 Ne7 10. 0-0 0-0 11. Re1 c5 12. Nf3 Qc7 13. Bg5 Re8 14. Nbd2 d6 15. Nf1 Nc4 16. Qc1 Be6 17. Ne3 Nb6 18. h3 a5 19. Bd3 c4 20. Bc2 Nc6 21. Qd1 b4 22. Nd4 Nxd4 23. cxd4 a4 24. Rc1 Qa7 25. a3 b3 26. Bb1 Rec8 27. Ng4 Bxg4 28. hxg4 c3 29. Rxc3 Rxc3 30. bxc3 Rc8 31. Bd2 Nc4 32. Bd3 Nxd2 33. Qxd2 Qa5 34. Qe2 Qxc3 35. Ba6 Rb8 36. e5 dxe5 37. dxe5 b2 38. Bd3 Re8 39. f4 Qd4+ 40. Qe3 Qxe3+ 41. Rxe3 Rd8 42. Bc2 Rd2 0-1

[Event "Hollywood Classic-B 2nd"]
[Site "Los Angeles"]
[Date "2022.07.26"]
[Round "3"]
[White "Vatsal, Singhania"]
[Black "Yan, Rui Yang"]
[Result "0-1"]
[WhiteElo "2289"]
[BlackElo "2248"]
[PlyCount "44"]
[EventDate "2022.07.25"]
[EventType "tourn"]
[EventRounds "9"]
[EventCountry "USA"]
[EventCategory "2"]
[SourceTitle "EXT 2024"]
[Source "ChessBase"]
[SourceDate "2023.10.10"]
[SourceVersion "1"]
[SourceVersionDate "2023.10.10"]
[SourceQuality "1"]

1. e4 c5 2. Nf3 d6 3. d4 cxd4 4. Nxd4 Nf6 5. Nc3 a6 6. Be2 e6 7. 0-0 Be7 8. f4 0-0 9. Be3 Qc7 10. a4 Nc6 11. Kh1 Nxd4 12. Qxd4 e5 13. Qd3 b6 14. f5 Bb7 15. Bf3 Rfe8 16. g4 d5 17. exd5 Rad8 18. Rae1 e4 19. Bxe4 Nxe4 20. Qxe4 Bh4 21. Bxb6 Qd7 22. Bxd8 Bxe1 0-1

[Event "Hollywood Classic-B 2nd"]
[Site "Los Angeles"]
[Date "2022.07.26"]
[Round "4"]
[White "Yan, Rui Yang"]
[Black "Grabinsky, Aaron"]
[Result "0-1"]
[WhiteElo "2248"]
[BlackElo "2399"]
[PlyCount "96"]
[EventDate "2022.07.25"]
[EventType "tourn"]
[EventRounds "9"]
[EventCountry "USA"]
[EventCategory "2"]
[SourceTitle "EXT 2024"]
[Source "ChessBase"]
[SourceDate "2023.10.10"]
[SourceVersion "1"]
[SourceVersionDate "2023.10.10"]
[SourceQuality "1"]

1. e4 e6 2. d4 d5 3. Nc3 Bb4 4. e5 c5 5. a3 Bxc3+ 6. bxc3 Qc7 7. Nf3 Nc6 8. a4 c4 9. Be2 f6 10. Bf4 Qf7 11. exf6 Nxf6 12. Ne5 Nxe5 13. Bxe5 0-0 14. 0-0 Ne4 15. Qe1 Qg6 16. f3 Nf6 17. Rf2 a5 18. Qb1 Qf7 19. Rf1 Ra6 20. Re1 Nd7 21. Bc7 Ra7 22. Bd6 Re8 23. Bf1 b6 24. Re3 Rb7 25. g3 Qh5 26. Qb5 Nf6 27. Rb1 Qf7 28. Bh3 Qd7 29. Qxd7 Bxd7 30. Bc5 Kf7 31. Rxb6 Rxb6 32. Bxb6 Ra8 33. Re1 Ra6 34. Bc7 Ke7 35. Rb1 Ne8 36. Bb6 Bxa4 37. Bc5+ Nd6 38. Rb7+ Bd7 39. Rb8 a4 40. Ba3 Kf6 41. Rf8+ Kg6 42. Rd8 Nb5 43. Bc5 Bc6 44. Bxe6 Ra8 45. Rxa8 Bxa8 46. Be7 a3 47. f4 h5 48. f5+ Kh7 0-1

[Event "USA-ch U20 Girls"]
[Site "Saint Louis"]
[Date "2022.07.14"]
[Round "7"]
[White "Velea, Anne Marie"]
[Black "Yan, Rui Yang"]
[Result "0-1"]
[WhiteElo "1956"]
[BlackElo "2248"]
[PlyCount "80"]
[EventDate "2022.07.07"]
[EventType "tourn"]
[EventRounds "9"]
[EventCountry "USA"]
[SourceTitle "CBM 209 Extra"]
[Source "ChessBase"]
[SourceDate "2022.09.30"]
[SourceVersion "1"]
[SourceVersionDate "2022.09.30"]
[SourceQuality "1"]

1. e4 c5 2. Nf3 d6 3. Bb5+ Nd7 4. d4 cxd4 5. Qxd4 a6 6. Bxd7+ Bxd7 7. Nc3 Nf6 8. 0-0 e5 9. Qd3 h6 10. Nd2 b5 11. a4 Rb8 12. Rd1 Be7 13. Nf1 b4 14. Nd5 Nxd5 15. exd5 Qc8 16. Ne3 0-0 17. b3 f5 18. Nc4 f4 19. f3 Bf5 20. Qe2 Bf6 21. Bb2 e4 22. Bxf6 Rxf6 23. Rd4 Qc5 24. Rad1 exf3 25. gxf3 Rg6+ 26. Kh1 Bh3 27. Qe4 Bg2+ 28. Kg1 Bxf3+ 29. Qxg6 Bxd1 30. Qe6+ Kh8 31. Qe4 Rf8 32. Nxd6 f3 33. Kh1 f2 34. Rxd1 f1Q+ 35. Rxf1 Rxf1+ 36. Kg2 Rg1+ 37. Kh3 Qxd6 38. Qe8+ Kh7 39. Qe4+ Qg6 40. Qxg6+ Kxg6 0-1

[Event "USA-ch U20 Girls"]
[Site "Saint Louis"]
[Date "2022.07.11"]
[Round "5"]
[White "Yan, Rui Yang"]
[Black "Yu, Jennifer R"]
[Result "0-1"]
[WhiteElo "2248"]
[BlackElo "2268"]
[PlyCount "110"]
[EventDate "2022.07.07"]
[EventType "tourn"]
[EventRounds "9"]
[EventCountry "USA"]
[SourceTitle "CBM 209 Extra"]
[Source "ChessBase"]
[SourceDate "2022.09.30"]
[SourceVersion "1"]
[SourceVersionDate "2022.09.30"]
[SourceQuality "1"]

1. e4 e5 2. Nf3 Nc6 3. Bb5 a6 4. Ba4 Nf6 5. 0-0 b5 6. Bb3 Be7 7. d3 0-0 8. Nc3 d6 9. a3 Bg4 10. Be3 Nd4 11. Bxd4 exd4 12. Nd5 c5 13. h3 Be6 14. Nxf6+ Bxf6 15. Bxe6 fxe6 16. e5 Bxe5 17. Nxe5 dxe5 18. Re1 Rf5 19. Re4 c4 20. a4 Rc8 21. axb5 axb5 22. Ra7 Qf6 23. Qe1 cxd3 24. cxd3 h5 25. Qe2 Qg5 26. Kh2 Kh7 27. Rb7 Qc1 28. Rh4 Qg5 29. Re4 Qc1 30. Rh4 Kh6 31. Rb6 Rc6 32. Rxc6 Qxc6 33. Qd2+ Kg6 34. Re4 Kf7 35. f3 g5 36. h4 Kg6 37. Qe2 gxh4 38. Rxh4 Qc1 39. Re4 Kf6 40. g3 b4 41. Kg2 b3 42. g4 Rg5 43. Kg3 Qg1+ 44. Qg2 Qxg2+ 45. Kxg2 Rg8 46. Kg3 hxg4 47. fxg4 Rc8 48. Re2 Rc2 49. Kf3 Rxe2 50. Kxe2 e4 51. dxe4 e5 52. Kd3 Kg5 53. Kc4 Kxg4 54. Kxb3 Kf3 55. Kc2 Ke2 0-1